Countries and territories that have been invaded since WWII - Statistics

General Stats
  • This quiz has been taken 130 times
    79 since last reset
  • The average score is 44 of 58
Answer Stats
Defender(s): % Correct
Falkland Islands
100%
Afghanistan
96%
Iraq
96%
Israel
96%
Taliban
96%
Cambodia
94%
Lebanon
94%
Syria
94%
French Indochina
92%
Gaza
92%
Hamas
92%
Laos
92%
Pakistan
92%
Pakistan
92%
Vietnam
92%
Iran
90%
South Korea
90%
Ukraine
90%
Egypt
88%
India
88%
Jordan
88%
Palestine Liberation Organization
88%
Dutch East Indies
87%
Russia
87%
Ethiopia
83%
South Vietnam
81%
Georgia
79%
Kuwait
77%
Rwanda
77%
Tibet
77%
Hungary
75%
Somalia
75%
Thailand
75%
Czechoslovakia
73%
Nigeria
73%
North Vietnam
73%
Honduras
71%
Timor-Leste
71%
France
69%
Panama
69%
United States
69%
Cyprus
65%
Goa
65%
Uganda
65%
Cuba
63%
Spain
63%
Spanish Sahara
63%
Portuguese India
62%
Tanzania
62%
Grenada
58%
Dominican Republic
52%
Gambia
48%
Haiti
48%
Dutch New Guinea
44%
Jammu and Kashmir
42%
Biafra
40%
Sikkim
23%
Hyderabad
21%
No matching quizzes found
Score Distribution
Percent of People with Each Score
Percentile by Number Answered
Your Score History
You have not taken this quiz since the last reset